Guía breve de la visita al Museo / Museo Provincial Textil ; [texto: F. Torrella Niubó] F. Torrella Niubó]
Descripción Física:
[12] p. , 1 f. pleg. : il. col. ; 21 cm
MARC
| LEADER | 00000nam a2200000Ia 4500 | ||
|---|---|---|---|
| 001 | 17776 | ||
| 008 | 160829s1972 xx 000 0 cat d | ||
| 080 | |a FU-15-14 | ||
| 110 | 2 | |a Museo Provincial Textil (Terrassa, Catalunya) |9 54999 | |
| 245 | |a Guía breve de la visita al Museo / Museo Provincial Textil ; [texto: |b F. Torrella Niubó] | ||
| 260 | |a Tarrasa : |b el Museo : |b Diputación Provincial de Barcelona, |c 1972 | ||
| 300 | |a [12] p. , 1 f. pleg. : |b il. col. ; |c 21 cm | ||
| 590 | |a A la coberta: Guia breve del Museo Provincial Textil de Tarrasa. | ||
| 590 | |a Prové de S-414, exp. 15. | ||
| 590 | |a Hi ha un duplicat a: DUP-73-38 | ||
| 650 | |a Museo Províncial Textil (Terrassa) |x Guies |9 48018 | ||
| 650 | 0 | |a Museus tèxtils |z Terrassa (Catalunya) |9 48019 | |
| 710 | 1 | |a Barcelona (Catalunya : Província). |b Diputació |9 52408 | |
| 901 | |a Arxiu | ||
| 942 | |n 1 | ||
| 952 | |0 0 |1 0 |4 0 |6 FU1514 |7 1 |9 54276 |a Arxiu |b Arxiu |d 2016-12-01 |l 0 |o FU-15-14 |p 17776 |r 2016-12-01 00:00:00 |w 2016-12-01 |y ARXIU | ||
| 999 | |c 58145 |d 58145 | ||